Größte Städte der großen europäischen Länder - Statistiken

Allgemein
  • Dieses Quiz wurde 900 mal gespielt
  • Das Durchschnittsergebnis liegt bei 19 aus 25
Antwortstatistiken
Land Einwohner Antwort % Korrekt
Deutschland 3,7 Mio Berlin
100%
Großbritannien 8,8 Mio London
100%
Deutschland 1,5 Mio München
99%
Frankreich 2,1 Mio Paris
99%
Deutschland 1,9 Mio Hamburg
98%
Italien 2,7 Mio Rom
98%
Deutschland 1,1 Mio Köln
97%
Spanien 3,3 Mio Madrid
97%
Spanien 1,6 Mio Barcelona
96%
Deutschland 0,8 Mio Frankfurt
92%
Italien 1,3 Mio Mailand
91%
Frankreich 0,9 Mio Marseille
88%
Frankreich 0,5 Mio Lyon
86%
Italien 0,9 Mio Neapel
84%
Italien 0,8 Mio Turin
75%
Großbritannien 1,1 Mio Birmingham
74%
Spanien 0,7 Mio Sevilla
73%
Spanien 0,8 Mio Valencia
73%
Großbritannien 0,6 Mio Glasgow
60%
Frankreich 0,3 Mio Nizza
58%
Großbritannien 0,8 Mio Leeds
48%
Italien 0,6 Mio Palermo
46%
Frankreich 0,5 Mio Toulousse
42%
Spanien 0,7 Mio Saragossa
26%
Großbritannien 0,6 Mio Sheffield
25%
Keine übereinstimmenden Quizze gefunden
Verteilung der Resultate
Anzahl Personen mit jedem Resultat
Perzentil nach korrekt beantworteten Fragen
Ihre Resultats-Entwicklung
Sie haben dieses Quiz noch nicht gespielt